000 00314nam a22001337a 4500
041 _aENG
100 _aIS;4468
245 _aAgricultural Wheeled Tractor Three Point Linkage part-2
250 _aThirs Edition
260 _aNew Delhi
_bBIS
_c1993
300 _a4
650 _aBIS Test Code
856 _uBIS Test Code
999 _c2001
_d2001